Kto wykonał tę piosenkę z lat 2000? #3 - Statystyki

Ogólne statystyki
  • Ten quiz został rozwiązany 1 589 razy
  • Średni wynik to 7 z 24
Statystyki odpowiedzi
Rok Piosenka Artysta / zespół % Poprawnych
2009 Bad Romance Lady Gaga
96%
2006 Hips Don't Lie Shakira
76%
2008 Viva la Vida Coldplay
65%
2009 Empire State of Mind Jay-Z
61%
2009 Party in the U.S.A. Miley Cyrus
51%
2004 Boulevard of Broken Dreams Green Day
42%
2001 Ms. Jackson Outkast
38%
2008 Take a Bow Rihanna
38%
2001 How You Remind Me Nickelback
37%
2002 Complicated Avril Lavigne
35%
2000 Bye Bye Bye 'N Sync
25%
2006 Supermassive Black Hole Muse
20%
2000 One More Time Daft Punk
19%
2008 Live Your Life T.I.
14%
2005 I Bet You Look Good on the Dancefloor Arctic Monkeys
12%
2001 Bootylicious Destiny's Child
11%
2008 I'm in Miami Trick LMFAO
11%
2001 Get Ur Freak On Missy Elliott
9%
2006 Before He Cheats Carrie Underwood
7%
2000 Thong Song Sisqó
6%
2008 Gives You Hell The All-American Rejects
6%
2007 1234 Feist
5%
2007 This is Why I'm Hot Mims
5%
2001 Party Hard Andrew W.K.
4%
Nie znaleziono quizów pasujących do podanych kryteriów
Rozkład punktacji
Procent ludzi z każdym wynikiem
Percentyl według liczby udzielonych odpowiedzi
Twoja historia wyników
Nie rozwiązałeś tego quizu